Možnosti využitia IT vo vzdelávaní (elektronický kurz) diplomová práca

Uložené v:
Podrobná bibliografia
Hlavný autor: Fehérová, Timea
Korporativný autor: Fakulta hospodárskej informatiky EU. Katedra aplikovanej informatiky
Ďalší autori: Kristová, Gabriela
Médium: Kniha
Jazyk:Slovak
Vydavateľské údaje: Bratislava 2018
Tagy: Pridať tag
Žiadne tagy, Buďte prvý, kto otaguje tento záznam!

MARC

LEADER 00000nbm a2200000 4500
001 0245209
005 20181016144955.1
041 0 |a slo 
044 |a SK 
245 1 0 |a Možnosti využitia IT vo vzdelávaní (elektronický kurz)  |b diplomová práca  |c Timea Fehérová ; školiteľ: Gabriela Kristová 
264 1 |a Bratislava  |c 2018 
300 |a 72 s. 
100 1 |a Fehérová, Timea 
700 1 |a Kristová, Gabriela 
710 2 |a Fakulta hospodárskej informatiky EU. Katedra aplikovanej informatiky